000 00678nam a2200205Ia 4500
003 GCL
008 140319s9999 xx 000 0 ara d
040 _aGCL /
_cGCL
082 0 4 _a212
_bب ا
100 1 _aمحمد عبدالقادر احمد عطا
245 1 0 _aالاداب /
_cمحمد عبدالقادر احمد عطا
700 1 _aالبهيقى, ابوبكر احمد بن الحسين
260 _a[S.N] :
_bدار الكتب العلمية للنشر والتوزيع ،
_c1986
300 _a558 ص
490 _a
650 0 4 _aالاسلام
650 0 4 _aالاخلاق الاسلامية
650 0 4 _aالاداب الاسلامية
942 _2ddc
_cBK
999 _c55681
_d55681